Les marques d'avions de la Seconde guerre mondiale - Statistiques

Statistiques générales
  • Ce quiz a été pris 261 fois
  • Le résultat moyen est 19 sur 130
Statistiques - réponses
Pays Marque % Correct
Allemagne Messerschmitt
71%
Etats-Unis Boeing
57%
Japon Mitsubishi
54%
France Dewoitine
47%
Allemagne Focke-Wulf
44%
Allemagne Junkers
43%
Allemagne Heinkel
41%
Etats-Unis Lockheed
37%
Royaume-Uni Supermarine
35%
Italie FIAT
34%
Suède Saab
34%
Allemagne Dornier
31%
Pays-Bas Fokker
30%
France Morane-Saulnier
29%
Allemagne Arado
28%
Royaume-Uni Hawker
28%
URSS Sukhoi
28%
URSS Tupolev
28%
Royaume-Uni Avro
27%
Etats-Unis | Royaume-Uni Douglas
27%
Etats-Unis Grumman
26%
France Bloch
25%
France Bréguet
25%
Etats-Unis | France Curtiss
23%
URSS Mikoyan-Gourevitch
23%
URSS Iliouchine
22%
Etats-Unis Martin
22%
France Potez
22%
Etats-Unis Republic
22%
Royaume-Uni De Havilland
21%
Japon Kawasaki
21%
Etats-Unis Northrop
20%
URSS Yakovlev
20%
Etats-Unis Vought
17%
France Caudron
15%
Roumanie IAR
15%
Royaume-Uni Bristol
14%
Allemagne Henschel
14%
Pologne PZL
14%
Belgique Renard
14%
Royaume-Uni Vickers
14%
Tchécoslovaquie Aero
13%
Etats-Unis Bell
13%
France Blériot
13%
France Latécoère
13%
Italie Macchi
13%
URSS Polikarpov
13%
Italie Savoia-Marchetti
13%
Tchécoslovaquie Avia
12%
Australie CAC
12%
Royaume-Uni Handley
12%
France Amiot
11%
Allemagne Blohm et Voss
11%
Japon Nakajima
11%
Japon Aichi
10%
Royaume-Uni Fairey
10%
France Farman
10%
URSS Lavotchkine
10%
URSS Petliakov
10%
Italie Piaggio
10%
Royaume-Uni Blackburn
9%
Italie Breda
9%
Italie Caproni
9%
Etats-Unis Cessna
9%
Allemagne Fieseler
9%
Royaume-Uni Gloster
9%
France Lioré et Olivier
9%
France Loire-Nieuport
9%
Etats-Unis North American Aviation
9%
France Sud-Est
9%
Etats-Unis Vultee
9%
Royaume-Uni Westland
9%
Allemagne Gotha
8%
Etats-Unis Tucker
8%
Japon Yokosuka
8%
Royaume-Uni Airspeed
7%
France Arsenal de l'aéronautique
7%
Etats-Unis Beech
7%
URSS Beriev
7%
Royaume-Uni Boulton Paul
7%
France Caudron-Renault
7%
Bulgarie DAR
7%
Finlande Hover
7%
Italie IMAM
7%
Japon Kawanishi
7%
Allemagne Klemm
7%
Finlande Myrsky
7%
Italie Reggiane
7%
Italie SAI
7%
Etats-Unis Seversky
7%
Royaume-Uni Short
7%
Hongrie Weiss Manfred
7%
Etats-Unis Aeronca
6%
France ANF Les Mureaux
6%
Royaume-Uni Armstrong Whitworth
6%
Etats-Unis Brewster
6%
Etats-Unis Consolidated Aircraft
6%
Suède FFVS
6%
Bulgarie KB
6%
Tchécoslovaquie Letov
6%
France Levasseur
6%
France Loire Aviation
6%
France Nieuport-Delage
6%
Yougoslavie Rogozarski
6%
Etats-Unis Ryan
6%
Italie SAIMAN
6%
Italie Cant
5%
France Henriot
5%
Etats-Unis Stinson
5%
URSS Yermolaïev
5%
Allemagne Bücker
4%
France CAMS
4%
Lituanie Gustaitis
4%
France Maillet
4%
Royaume-Uni Miles
4%
Italie Nardi
4%
Etats-Unis Piper
4%
France Potez-CAMS
4%
Pologne Samalotov
4%
Japon Kyushu
3%
URSS Pashinin
3%
URSS Tchetverikov
3%
URSS Borokov-Vlorov
2%
France Gourdou-Lesseure
2%
URSS Yatsenko
2%
URSS Lisunov
1%
Aucun quiz correspondant
Distribution des résultats
% des personnes avec chaque résultat
Percentile par nombre de réponses
Votre historique - résultats
Vous n’avez pas pris ce quiz